000 00621nam a2200241Ia 4500
003 OSt
005 20140313143533.0
008 140130s9999 xx 000 0 und d
020 _a9780439578226
050 _aPZ 7
_b.V1916Mai 2004
100 _aVail, Rachel.
245 _cRachell Vail.
_aMama Rex & T :
_bthe reading champion /
260 _bScholastic INc.,
_cc2004.
_aUSA :
300 _a30 p. :
_bcol. ill. ;
_c23 cm.
440 _v1
521 _aG1
526 _c260
650 _aTyrannosaurus rex
_xFiction.
650 _aDinosaurs
_xFiction.
942 _cBK
_2lcc
999 _c40061
_d40061